Early prediction of preeclampsia and intra uterine growth retardation using first trimesteric uterine artery doppler and maternal serum beta-human chronic gonadotrophin / (رقم التسجيلة. 38841)

تفاصيل مارك
000 -LEADER
fixed length control field 01931cam a2200349 a 4500
003 - CONTROL NUMBER IDENTIFIER
control field EG-GiCUC
005 - DATE AND TIME OF LATEST TRANSACTION
control field 20250223030632.0
008 - FIXED-LENGTH DATA ELEMENTS--GENERAL INFORMATION
fixed length control field 120513s2012 ua f m 000 0 eng d
040 ## - CATALOGING SOURCE
Original cataloging agency EG-GiCUC
Language of cataloging eng
Transcribing agency EG-GiCUC
041 0# - LANGUAGE CODE
Language code of text/sound track or separate title eng
049 ## - LOCAL HOLDINGS (OCLC)
Holding library Deposite
097 ## - Thesis Degree
Thesis Level Ph.D
099 ## - LOCAL FREE-TEXT CALL NUMBER (OCLC)
Classification number Cai01.11.15.Ph.D.2012.Su.E
100 0# - MAIN ENTRY--PERSONAL NAME
Personal name Suzy Abdelaziz Abdelhamid
245 10 - TITLE STATEMENT
Title Early prediction of preeclampsia and intra uterine growth retardation using first trimesteric uterine artery doppler and maternal serum beta-human chronic gonadotrophin /
Statement of responsibility, etc. Suzy Abdelaziz Abdelhamid ; Supervised Asmaa Farid , Mohamed Hani Shehata , Eman Ali Hussein
246 15 - VARYING FORM OF TITLE
Title proper/short title التنبؤ المبكر لحالات تسمم الحمل و تأخر النمو الجنيني عن طريق قياس نسبة هورمون الحمل و دوبلر الشريان الرحمي فى الثلاث شهور الأولى من الحمل
260 ## - PUBLICATION, DISTRIBUTION, ETC.
Place of publication, distribution, etc. Cairo :
Name of publisher, distributor, etc. Suzy Abdelaziz Abdelhamid ,
Date of publication, distribution, etc. 2012
300 ## - PHYSICAL DESCRIPTION
Extent 152 P. ;
Dimensions 25cm
502 ## - DISSERTATION NOTE
Dissertation note Thesis (Ph.D.) - Cairo University - Faculty of Medicine - Department of Gynecology and Obstetrics
520 ## - SUMMARY, ETC.
Summary, etc. Hypertensive disorders during pregnancy constitute a serious health problem and are associated with increased risk of maternal-perinatal adverse outcome. One main goal of prenatal care is to improve the outcome of pregnancy in terms of perinatal morbidity and mortality by identifying women at risk of complications of uteroplacental insufficiency; preeclampsia and IUGR
530 ## - ADDITIONAL PHYSICAL FORM AVAILABLE NOTE
Additional physical form available note Issued also as CD
653 #4 - INDEX TERM--UNCONTROLLED
Uncontrolled term Human choronic gonadotrophin
653 #4 - INDEX TERM--UNCONTROLLED
Uncontrolled term Preeclampsia and IUGR
653 #4 - INDEX TERM--UNCONTROLLED
Uncontrolled term Uterine Artery doppler
700 0# - ADDED ENTRY--PERSONAL NAME
Personal name Asmaa Farid Abaasy ,
Relator term
700 0# - ADDED ENTRY--PERSONAL NAME
Personal name Eman Ali Hussein ,
Relator term
700 0# - ADDED ENTRY--PERSONAL NAME
Personal name Mohamed Hani Shehata ,
Relator term
856 ## - ELECTRONIC LOCATION AND ACCESS
Uniform Resource Identifier <a href="http://172.23.153.220/th.pdf">http://172.23.153.220/th.pdf</a>
905 ## - LOCAL DATA ELEMENT E, LDE (RLIN)
Cataloger Nazla
Reviser Revisor
905 ## - LOCAL DATA ELEMENT E, LDE (RLIN)
Cataloger Samia
Reviser Cataloger
942 ## - ADDED ENTRY ELEMENTS (KOHA)
Source of classification or shelving scheme Dewey Decimal Classification
Koha item type Thesis
المقتنيات
Source of classification or shelving scheme Not for loan Home library Current library Date acquired Full call number Barcode Date last seen Koha item type Copy number
Dewey Decimal Classification   المكتبة المركزبة الجديدة - جامعة القاهرة قاعة الرسائل الجامعية - الدور الاول 11.02.2024 Cai01.11.15.Ph.D.2012.Su.E 01010110057951000 22.09.2023 Thesis  
Dewey Decimal Classification   المكتبة المركزبة الجديدة - جامعة القاهرة مخـــزن الرســائل الجـــامعية - البدروم 11.02.2024 Cai01.11.15.Ph.D.2012.Su.E 01020110057951000 22.09.2023 CD - Rom 57951.CD
Cairo University Libraries Portal Implemented & Customized by: Eng. M. Mohamady Contacts: new-lib@cl.cu.edu.eg | cnul@cl.cu.edu.eg
CUCL logo CNUL logo
© All rights reserved — Cairo University Libraries
CUCL logo
Implemented & Customized by: Eng. M. Mohamady Contact: new-lib@cl.cu.edu.eg © All rights reserved — New Central Library
CNUL logo
Implemented & Customized by: Eng. M. Mohamady Contact: cnul@cl.cu.edu.eg © All rights reserved — Cairo National University Library